Process systems analysis and control (Record no. 13575)

000 -LEADER
fixed length control field 00578nam a22002051 4500
001 - CONTROL NUMBER
control field 13575
003 - CONTROL NUMBER IDENTIFIER
control field BD-DhUET
008 - FIXED-LENGTH DATA ELEMENTS--GENERAL INFORMATION
fixed length control field 730306s1965 nyua b 000 0 eng
040 ## - CATALOGING SOURCE
Original cataloging agency DLC
Transcribing agency DLC
Modifying agency BD-DhUET
082 ## - DEWEY DECIMAL CLASSIFICATION NUMBER
Classification number 660.284
Item number COU/1965
100 1# - MAIN ENTRY--PERSONAL NAME
Personal name Coughanowr, Donald R.
245 10 - TITLE STATEMENT
Title Process systems analysis and control
250 ## - EDITION STATEMENT
Edition statement 1st ed.
260 ## - PUBLICATION, DISTRIBUTION, ETC. (IMPRINT)
Place of publication, distribution, etc. New York
Name of publisher, distributor, etc. McGraw-Hill
Date of publication, distribution, etc. 1965
300 ## - PHYSICAL DESCRIPTION
Extent xii, 491 p.
Other physical details ill.
Dimensions 21 cm.
490 ## - SERIES STATEMENT
Series statement McGraw-Hill chemical engineering series
650 #0 - SUBJECT ADDED ENTRY--TOPICAL TERM
Topical term or geographic name as entry element Control devices process engineering
700 ## - ADDED ENTRY--PERSONAL NAME
Personal name Koppel, Lowell B.
942 ## - ADDED ENTRY ELEMENTS (KOHA)
Koha item type General Book
Holdings
Price effective from Koha item type Date acquired Piece designation (barcode) Shelving location Copy number Location (home branch) Damaged status Not for loan Koha normalized classification for sorting Sublocation or collection (holding branch) Koha full call number Lost status Source of classification or shelving scheme Koha issues (times borrowed) Koha date last borrowed Koha date last seen Withdrawn status
2015-03-03General Book2015-03-0329699Circulation section1Central Library, BUET  660_284000000000000_COU_1965Central Library, BUET660.284/COU/1965    2015-03-03 
2015-03-03General Book2015-03-0329689Circulation section2Central Library, BUET  660_284000000000000_COU_1965Central Library, BUET660.284/COU/1965  12017-05-092017-05-09 
2015-03-03General Book2015-03-0329697Circulation section3Central Library, BUET  660_284000000000000_COU_1965Central Library, BUET660.284/COU/1965    2015-03-03 
2015-03-03General Book2015-03-0329692Circulation section4Central Library, BUET  660_284000000000000_COU_1965Central Library, BUET660.284/COU/1965    2015-03-03 
2015-03-03General Book2015-03-0329698Circulation section5Central Library, BUET  660_284000000000000_COU_1965Central Library, BUET660.284/COU/1965    2015-03-03 
2015-03-03General Book2015-03-0329690Circulation section6Central Library, BUET  660_284000000000000_COU_1965Central Library, BUET660.284/COU/1965    2015-03-03 
2015-03-03General Book2015-03-0329688Cataloging to Circulation7Central Library, BUET  660_284000000000000_COU_1965Central Library, BUET660.284/COU/1965    2015-03-03 
2015-03-04General Book2015-03-0434519Circulation section8Central Library, BUET  660_284000000000000_COU_1965Central Library, BUET660.284/COU/1965    2015-03-04 
2015-05-11General Book2015-05-1129694Circulation section9Central Library, BUET  660_284000000000000_COU_1965Central Library, BUET660.284/COU/1965    2015-05-11 
2015-05-11General Book2015-05-1129696Circulation section10Central Library, BUET  660_284000000000000_COU_1965Central Library, BUET660.284/COU/1965    2015-05-11 
2015-05-13General Book2015-05-1329695Circulation section11Central Library, BUET  660_284000000000000_COU_1965Central Library, BUET660.284/COU/1965    2015-05-13 
2015-05-14General Book2015-05-1417869Circulation section12Central Library, BUET  660_284000000000000_COU_1965Central Library, BUET660.284/COU/1965    2015-05-14 
2015-05-18General Book2015-05-1815822Circulation section13Central Library, BUET  660_284000000000000_COU_1965Central Library, BUET660.284/COU/1965    2015-05-18 
2015-06-20General Book2015-06-2029700Reading section14Central Library, BUET  660_284000000000000_COU_1965Central Library, BUET660.284/COU/1965    2015-06-20 
2015-06-20General Book2015-06-2029701Reading section15Central Library, BUET  660_284000000000000_COU_1965Central Library, BUET660.284/COU/1965    2015-06-20 
2015-07-10General Book2015-07-1016716Circulation section16Central Library, BUET  660_284000000000000_COU_1965Central Library, BUET660.284/COU/1965    2015-07-10